| 000 | 00443cam a2200169ua 4500 | ||
|---|---|---|---|
| 020 | _c2.00 | ||
| 041 |
_aeng _h |
||
| 082 |
_a320.58 _bMAS/PR |
||
| 100 | _aMashruwala, K.G . | ||
| 245 |
_aPractical non-violence : Land ideology of non-violence / _cK.G.Mashruwala. _hTextual Documents |
||
| 260 |
_a : _bNavajivan publishing house , _c1958. |
||
| 300 | _a47 ; . | ||
| 365 | _a2.00 | ||
| 504 | _a | ||
| 942 | _cBK | ||
| 999 |
_c2343 _d2343 |
||